| 000 | 01877nam a2200433 a 4500 | ||
|---|---|---|---|
| 008 | 181120s2016 mx ||||fr|||| 001 0 spa d | ||
| 020 | _a9786071513366 | ||
| 041 | _aspa | ||
| 092 |
_c616 _l32 _sHAR |
||
| 245 |
_aHarrison. Principios de Medicina Interna. _bVol.1 / _cDennis L. kasper |
||
| 250 |
_a19a ed. _bTraducción Martha Elena Araiza Martinez ; José Rafael Blengio Pinto ; Ana Maria Pérez Tamayo ; Saúl Lira Albarrán ; Héctor Barrera Villavicencio y Patricia Talamás Rhoana. |
||
| 260 |
_aMéxico: _bMcGraw Hill Interamericana; _c2016. |
||
| 300 | _a1-465 p. | ||
| 500 | _aKasper, D. L. (Ed.). et al. (2016). Harrison. Principios de medicina interna. Vol.1 (19a ed.). México : McGraw-Hill Interamericana. | ||
| 590 | _aCompra Noviembre 2018. Fac. de Medicina. | ||
| 653 | _aGeneralidades de la medicina clinica | ||
| 653 | _aManifestaciones cardinales y presentacion de enfermedades | ||
| 653 | _aDolor | ||
| 653 | _aAlteraciones de la temperatura corporal | ||
| 653 | _aDisfunción del sistema nervioso | ||
| 653 | _aTrastornos del ojos, oído, nariz y faringe. | ||
| 653 | _aAlteraciones en las funciones circulatoria y respiratoria | ||
| 653 | _aAlteraciones en la función gastrointestinal | ||
| 653 | _aAlteraciones en la función renal y de las vías urinarias | ||
| 653 | _aAlteraciones en la función sexual y la reproducción | ||
| 653 | _aTranstornos en la piel | ||
| 653 | _aTranstornos hematológicos | ||
| 653 | _aGenes el medioambiente y las enfermedades | ||
| 653 | _aMedicina regenerativa | ||
| 653 | _aEnvejecimiento | ||
| 653 | _aNutrición y pérdida de peso | ||
| 700 | 1 |
_aKasper, Dennis L. _93987 |
|
| 700 | 1 |
_aHauser, Stephen L. _9820 |
|
| 700 | 1 |
_aJameson, J.Larry _9817 |
|
| 700 | 1 |
_aFauci, Anthony S. _9821 |
|
| 700 | 1 |
_aLongo, Dan L. _9819 |
|
| 700 | 1 |
_aLoscalzo, Joseph _9745 |
|
| 942 |
_2ddc _cBK |
||
| 999 |
_c2832 _d2832 |
||